The Annotated Godfather : The Complete Screenplay /

Gorde:
Xehetasun bibliografikoak
Egile nagusia: Coppola, Francis Ford (guión)
Beste egile batzuk: Puzo, Mario (guión) (guión), Jones, Jenny M. (notas) (notas)
Formatua: Liburua
Hizkuntza:ingelesa
Argitaratua: Nueva York, EUA : Black Dog and Leventhal, 2007, c2007
Gaiak:
Etiketak: Etiketa erantsi
Etiketarik gabe, Izan zaitez lehena erregistro honi etiketa jartzen!

MARC

LEADER 00000nam^a2200000^a^4500
001 000398789
005 20250521000000.0
009 20260310121534.543
020 |a 978-1-57912-811-1 
037 |a Acervo ITESO - Biblioteca 
041 |a ING 
082 |a 302. 2350973  |b COP 
100 |a Coppola, Francis Ford  |e (guión) 
240 1 4 |a [El padrino] 
240 1 4 |a [El padrino. Adaptaciones] 
245 1 4 |a The Annotated Godfather :  |b The Complete Screenplay /  |c Guión de F.F. Coppola, M. Puzo ; notas de J.M. Jones. 
264 4 |a Nueva York, EUA :  |b Black Dog and Leventhal,  |c 2007, c2007 
300 |a 263 p. 
336 |a texto  |b txt  |2 rdacontenido 
337 |a sin mediación  |b n  |2 rdamedio 
338 |a volumen  |b nc  |2 rdasoporte 
545 0 |a Nacido en 1939, Francis Ford Coppola es quizás el cineasta norteamericano más reputado de su generación. Comenzó su trayectoria fílmica en la década de 1960, bajo el cobijo del director independiente Roger Corman. Surgido como un encargo de llevar al cine una novela de Mario Puzo sobre la mafia italiana, El padrino (1972) le ubicó como una figura reconocida por el gran público y consolidó las expectativas creadas por la crítica. Prosiguió la saga con El padrino II (1974), al tiempo que por su historia de espionaje La conversación (1974) recibió la Palma de Oro en el Festival de Cannes. Alcanzó por segunda vez este premio con Apocalipsis (1979), desoladora y fascinante visión de la Guerra de Vietnam, y culminó la saga de la familia Corleone con El Padrino III (1990). En el intervalo, La ley de la calle (1983) y Tucker: el hombre y su sueño (1987) reafirmaron su puesto en la primera línea del cine norteamericano, si bien ha desarrollado una filmografía irregular en las décadas posteriores. 
585 |a Exposición DIA 2023-01 / Las mejores películas de todos los tiempos según críticos y cineastas 
649 |a XX 
650 |a Cineastas Norteamericanos 
650 |a Mafia en el Cine -  |z EUA -  |x Historia y Crítica 
650 |a Guiones Cinematográficos -  |z EUA -  |x Tema Principal 
650 |a Novela Norteamericana -  |x Adaptaciones para Cine 
650 |a Literatura Norteamericana -  |y Siglo XX -  |x Adaptaciones para Cine 
650 |a Literatura y Cine 
650 |a Dramas Cinematográficos -  |z EUA -  |x Historia y Crítica 
650 |a Cine Norteamericano -  |x Historia y Crítica 
650 |a Cine Norteamericano -  |y 1970-1979 
650 |a Cine Norteamericano -  |y Siglo XX 
650 |a Coppola, Francis Ford -  |x Tema Principal 
700 |a Puzo, Mario  |e (guión) 
700 |a Jones, Jenny M.  |e (notas) 
910 |a Fondo General 
920 |a Impresos - Libros 
930 |a Reserva Especial 
905 |a 103 
901 |a 0500293984  |b IT1  |c REE  |i C156569  |u 20250521 
902 |a https://opac.biblio.iteso.mx/vufind/Record/000398789